ბათუმის შოთა რუსთაველის სახელმწიფო უნივერსიტეტის ბიბლიოთეკა

ზოგადი ფიზიკის ლაბორატორიული კურსი : ოპტიკა და ნივთიერების აღნაგობა / (ბიბ.ჩანაწერი № 38433)

000 -ლიდერი
ფიქსირებული სიგრძის საკონტროლო ველი 01073nam a2200241Ia 4500
001 - საკონტროლო ნომერი
საკონტროლო ველი 4444
003 - საკონტროლო ნომრის იდენტიფიკატორი
საკონტროლო ველი GE_BSU
005 - ბოლო ოპერაციის თარიღი და დრო
საკონტროლო ველი 20190517191247.0
008 - ფიქსირებული სიგრძის მონაცემთა ელემენტები - ზოგადი ინფორმაცია
ფიქსირებული სიგრძის საკონტროლო ველი 181216s1967|||| |||||||||||||| ||geo||
040 ## - კატალოგიზაციის წყარო
Transcribing agency GE_BSU
041 ## - ენის კოდი
Language code of text/sound track or separate title geo
080 ## - უნივერსალური ათობითი კლასიფიკაციის ინდექსი
Universal Decimal Classification number 53+535+539(076) ზ–76
245 ## - ცნობა სათაურის შესახებ
Title ზოგადი ფიზიკის ლაბორატორიული კურსი : ოპტიკა და ნივთიერების აღნაგობა /
Statement of responsibility, etc გ. გორდაძე ; კ. თათრიშვილი ; გ. ურუშაძე ; რედ : ლ. ბოლქვაძე.
264 ## - წარმოების, გამოცემის, დისტრიბუციის და სხვა ცნობები
გამოცემის, წარმოების, დისტრიბუციის... ადგილი თბილისი :
გამოცემის, წარმოების, დისტრიბუციის... სახელწოდება განათლება,
გამოცემის, წარმოების, დისტრიბუციის... თარიღი 1967.
300 ## - ფიზიკური აღწერა
Extent 30 6გვ .:
Dimensions 22 სმ.
653 ## - INDEX TERM--UNCONTROLLED
Uncontrolled term ზოგადი ფიზიკა
653 ## - INDEX TERM--UNCONTROLLED
Uncontrolled term ფიზიკა
700 ## - ADDED ENTRY--PERSONAL NAME
Personal name გორდაძე, გ
9 (RLIN) 1342
700 ## - ADDED ENTRY--PERSONAL NAME
Personal name თათრიშვილი, კ
9 (RLIN) 1343
700 ## - ADDED ENTRY--PERSONAL NAME
Personal name ურუშაძე, გ
9 (RLIN) 1344
700 ## - ADDED ENTRY--PERSONAL NAME
Personal name ბოლქვაძე, ლ
Relator term რედაქტორი
9 (RLIN) 1345
942 ## - ADDED ENTRY ELEMENTS (KOHA)
Koha item type წიგნი
Source of classification or shelving scheme
ეგზემპლარები
ჩამოწერის სტატუსი დაკარგული ეგზემპლარის სტატუსი კლასიფიკაციის წყარო ან თაროზე გაწყობის სქემა დაზიანების სტატუსი არ გაიცემა მუდმივი მდებარეობა (დაცვის ადგილი) ამჟამინდელი ადგილსამყოფელი თაროზე განთავსების ადგილი შეძენის თარიღი ღირებულება, შესყიდვის ნორმალური ფასი სრული შენახვის შიფრი შტრიხკოდი ბოლო ოპერაციის თარიღი ეგზემპლარის მიმდევრობითი ნომერი (კეტერი?) ფასის ძალაში შესვლის თარიღი ეგზემპლარის სახეობა საჯარო შენიშვნა
          ტექნოლოგიური ფაკულტეტის ბიბლიოთეკა ტექნოლოგიური ფაკულტეტის ბიბლიოთეკა წიგნსაცავი 2018-12-17 1.00 53+535+539(076) ზ–76 8719 2018-12-17 8719 2018-12-17 წიგნი 1 ლ. 10 თ.
          ტექნოლოგიური ფაკულტეტის ბიბლიოთეკა ტექნოლოგიური ფაკულტეტის ბიბლიოთეკა წიგნსაცავი 2018-12-17 1.00 53+535+539(076) ზ–76 8720 2018-12-17   2018-12-17 წიგნი 1 ლ. 10 თ.
          ტექნოლოგიური ფაკულტეტის ბიბლიოთეკა ტექნოლოგიური ფაკულტეტის ბიბლიოთეკა წიგნსაცავი 2018-12-17 1.00 53+535+539(076) ზ–76 8721 2018-12-17 8721 2018-12-17 წიგნი 1 ლ. 10 თ.